000 01187nam a2200361 i 4500
001 8375
003 KOSZ 005
005 20221021095910.0
008 071021s1969 pl a f 000 0 pol
015 _aPB 1969/4848
040 _aWA N
_cWA N
_dKOSZ 005/RW
_dKOSZ 005/HR
046 _k1969
080 _a621.74
080 _a658.56
100 1 _aPiekutowski, Jerzy
_eAutor
245 1 0 _aOrganizacja odlewni /
_cJerzy Piekutowski.
260 _aWarszawa :
_bWydawnictwa Naukowo-Techniczne,
_c1969.
300 _a132, [3] s., [1] k. tabl. :
_bil. ;
_c23 cm.
336 _2rdacontent
_aTekst
_btxt
337 _2rdamedia
_aBez urządzenia pośredniczącego
_bn
338 _2rdacarrier
_aWolumin
_bnc
380 _aKsiążki
388 _a1901-2000
388 _a1945-1989
490 1 _aBiblioteka Organizatora Produkcji.
650 4 _aOdlewnictwo
655 4 _aPodręcznik
658 _aInżynieria i technika
710 2 _aWydawnictwa Naukowo-Techniczne
_4pbl.
830 0 _aBiblioteka Organizatora Produkcji
856 _uhttp://koha.tu.koszalin.pl/cgi-bin/koha/opac-detail.pl?biblionumber=8375
_yKatalog online BPK
942 _2UKD
_cKS
999 _c8375
_d8375